000 00667nam a2200229 i 4500
001 bgj
100 1 _aGARDNER, Bryan
_d(1952- ).
245 1 0 _aClassroom English /
_cBryan Gardner, Felicity Gardner.
260 _aOxford :
_bOxford University Press,
_c2000.
300 _a36 pp :
_bdraw. ;
_c27 cm.
490 1 _aOxford Basics
650 9 _aEnglish language
_xStudy and teaching
_xForeign speakers
650 9 _aEnglish language
_xGrammar
700 1 _aGARDNER, Felicity
_d(1952- ).
830 _aOxford Basics
020 _a019437135
040 _cBPK
041 _aeng
920 _a0-19-43713-5
942 _cKS
008 s uk f |000 0 eng
999 _c48255
_d48255
856 _uhttp://koha.tu.koszalin.pl/cgi-bin/koha/opac-detail.pl?biblionumber=48255
_yKatalog online BPK